The Koreans : who they are, what they want, where their future lies /

Bibliographic Details
Main Author: Breen, Michael, 1952-
Format: Book
Language:English
Published: New York : St. Martin's Press, 1999.
Edition:1st U.S. ed.
Subjects:

MARC

Tag First Indicator Second Indicator Subfields
LEADER 00000cam a22000004a 4500
001 in00001531981
005 20151022050602.0
008 990909r19991998nyu b 001 0 eng
010 |a  99045599  
020 |a 0312242115 
035 |a (OCoLC)42397365 
040 |a DLC  |c DLC  |d C#P  |d TXA  |d UtOrBLW 
042 |a pcc 
043 |a a-ko---  |a a-kr--- 
049 |a TXAM 
050 0 0 |a DS917.7  |b .B74 1999 
082 0 0 |a 951.95  |2 21 
100 1 |a Breen, Michael,  |d 1952- 
245 1 4 |a The Koreans :  |b who they are, what they want, where their future lies /  |c Michael Breen. 
250 |a 1st U.S. ed. 
264 1 |a New York :  |b St. Martin's Press,  |c 1999. 
300 |a xii, 276 pages ;  |c 25 cm. 
336 |a text  |b txt  |2 rdacontent 
337 |a unmediated  |b n  |2 rdamedia 
338 |a volume  |b nc  |2 rdacarrier 
500 |a "Thomas Dunne books." 
500 |a Originally published: London : Orion Business Books, 1998. 
504 |a Includes bibliographical references (pages 264-[268]) and index. 
651 0 |a Korea (South)  |x History. 
650 0 |a National characteristics, Korean. 
994 |a E0  |b TXA 
948 |a cataloged  |b h  |c 2000/4/4  |d c  |e ceaton  |f 12:35:11 pm 
999 |a MARS 
999 f f |s 4e632fd4-ff24-3ba0-bb7a-435c9917a5dd  |i 5aa1b59b-11bd-36e7-984a-7e1200b83492  |t 0 
952 f f |p ric  |a Texas A&M University  |b Rellis Campus  |c Joint Library Facility  |d Remote Storage  |t 0  |e DS917.7 .B74 1999  |h Library of Congress classification  |i unmediated -- volume  |m A14825783785 
998 f f |a DS917.7 .B74 1999  |t 0  |l Remote Storage